000 00551nam a2200217 a 4500
999 _c2053
_d2053
001 2053
003 BD-JhCC
005 20180306131404.0
008 171029s1987 ii a|||| || | 001 0 eng d
035 _a(BD-JhCC)2053
040 _aBD-JhCC
_dBD-JhCC
041 _aeng
082 _a531.1133
_bFRE 1987
100 _aFrench, A. P.
245 _aVibrations and Waves /
_c A. P. French,
260 _aIndia :
_bCBS Publishers $ Distributors,
_c1987
300 _a316 p. :
_c24 cm.
650 _aVibration
_xWaves
942 _2ddc
_cBK